00356nam a22001097a 450000500170000000800410001702000380005802000350009604100080013108000080013924500990014720160325065604.0120815s2013 nyua b 001 0 eng  a9780071799409 (hbk. : alk. paper) a0071799400 (hbk. : alk. paper)0 aeng a33914aThe mental edge in trading :cJason Williams ; with foreword and commentary by Larry Williams.